logo

Bir Sreshtho Munshi Abdur Rouf Library
Jhenaidah Cadet College

নাফেউল খালায়েক বা আমালিয়াতে কোরআন / (Record no. 8227)

MARC details
000 -LEADER
fixed length control field 00782nam a2200217 a 4500
001 - CONTROL NUMBER
JCCL Control Number 8227
003 - CONTROL NUMBER IDENTIFIER
JCCL marc code BD-JhCC
005 - DATE AND TIME OF LATEST TRANSACTION
control field 20180219190853.0
008 - FIXED-LENGTH DATA ELEMENTS--GENERAL INFORMATION
fixed length control field 180219b1989 bg |||| ||a| 000 0 ben d
035 ## - SYSTEM CONTROL NUMBER
system control number (BD-JhCC) 8227
040 ## - CATALOGING SOURCE
Original cataloging agency BD-JhCC
Modifying agency BD-JhCC
041 ## - LANGUAGE CODE
Language code of Book ben
082 ## - DEWEY DECIMAL CLASSIFICATION NUMBER
Classification number 297.1228
Author mark and Year ANW 1989
100 ## - MAIN ENTRY--PERSONAL NAME
Personal name আনওয়ারী, এ কে এম ফজলুর রহমান
245 ## - TITLE STATEMENT
Title নাফেউল খালায়েক বা আমালিয়াতে কোরআন /
Statement of responsibility, etc এ কে এম ফজলুর রহমান আনওয়ারী
260 ## - PUBLICATION, DISTRIBUTION, ETC. (IMPRINT)
Place of publication, distribution, etc ঢাকা :
Name of publisher, distributor, etc দি তাজ পাবলিশিং হাউস ,
Date of publication, distribution, etc 1989
300 ## - PHYSICAL DESCRIPTION
Pagination verious p : .
Dimensions 24 cm .
650 ## - SUBJECT ADDED ENTRY--TOPICAL TERM
Topical term or geographic name as entry element Al-Quran
942 ## - ADDED ENTRY ELEMENTS (KOHA)
Source of classification or shelving scheme Dewey Decimal Classification
Koha item type Books
Holdings
Source of classification or shelving scheme Damaged status Not for loan Home library Current library Shelving location Date of accession Cost, normal purchase price Total Checkouts Full call number Barcode Date last seen Copy number Koha item type
Dewey Decimal Classification     JCC Rouf Library JCC Rouf Library General Stacks 02/19/2018 75.00   297.1228 ANW 1989 8544 02/19/2018 C - 1 Books

JCC Library | Contacts | JCC Home

Last Update on 23 September 2017
Copyright @ 2017-2020 JCC Rouf Library
Rouf Library, Jhenidah Cadet College (JCC), Bangladesh